000 005330000a22001810004500
003 MACL
005 20160320132124.0
008 160320b xxu||||| |||| 00| 0 eng d
040 _aMACL
_cMACL
041 _aHindi
082 _a010
100 _aरामकृष्‍ण
_947715
245 _aसिने संसार और पत्रकारिता
260 _bभारतीय ज्ञानपीठ
_c2006
_aकाशी
350 _a150
650 _aNew Media Journalism
_9331
942 _cHIN
_k070
_2ddc
999 _c22305
_d22305